ბათუმის შოთა რუსთაველის სახელმწიფო უნივერსიტეტის ბიბლიოთეკა

Общая фитопатология с основами иммунитета (ბიბ.ჩანაწერი № 45935)

000 -LEADER
fixed length control field 00659nam a2200205Ia 4500
001 - CONTROL NUMBER
control field 12764
003 - CONTROL NUMBER IDENTIFIER
control field GE_BSU
008 - FIXED-LENGTH DATA ELEMENTS--GENERAL INFORMATION
fixed length control field 181216s||||||||xx |||||||||||||| ||und||
040 ## - CATALOGING SOURCE
Transcribing agency GE_BSU
080 ## - UNIVERSAL DECIMAL CLASSIFICATION NUMBER
Universal Decimal Classification number 632(075.32)
100 ## - MAIN ENTRY--PERSONAL NAME
Personal name Успенская,Г.Д. Дьяконов,Ю.Т. Семенкова,И.Г.
245 ## - TITLE STATEMENT
Title Общая фитопатология с основами иммунитета
260 ## - PUBLICATION, DISTRIBUTION, ETC.
Place of publication, distribution, etc. Москва
260 ## - PUBLICATION, DISTRIBUTION, ETC.
Name of publisher, distributor, etc. Колос
260 ## - PUBLICATION, DISTRIBUTION, ETC.
Date of publication, distribution, etc. 1967
300 ## - PHYSICAL DESCRIPTION
Extent 340стр.илл.20см.
300 ## - PHYSICAL DESCRIPTION
Dimensions Библиогр.с.235-236
653 ## - INDEX TERM--UNCONTROLLED
Uncontrolled term Общая фитопатология с основами иммунитета
942 ## - ADDED ENTRY ELEMENTS (KOHA)
Koha item type წიგნი
ეგზემპლარები
Withdrawn status Lost status Damaged status Not for loan Date acquired Barcode Date last seen Price effective from Koha item type
        2018-12-17 20915 2018-12-17 2018-12-17 წიგნი